College Football Mascots (UPDATED) 25-26 - Statistics

General Stats
  • This quiz has been taken 2,361 times
    1,841 since last reset
  • The average score is 108 of 136
Answer Stats
Team Mascot % Correct
Auburn | Clemson | LSU | +2 others Tigers
98%
Fresno State | Georgia | Louisiana Tech | Mississippi State Bulldogs
92%
Arizona | Kansas State | Kentucky | Northwestern Wildcats
92%
Baylor | Missouri State Bears
91%
Ohio State Buckeyes
91%
Stanford Cardinal
91%
Oregon Ducks
91%
Northern Illinois | UConn | Washington Huskies
91%
Florida Atlantic | Kennesaw State | Rice | Temple Owls
91%
Duke Blue Devils
90%
Florida Gators
90%
Miami (FL) Hurricanes
90%
Troy | USC Trojans
90%
Alabama Crimson Tide
89%
Texas Longhorns
89%
Syracuse Orange
89%
Florida State Seminoles
89%
Michigan State | San Jose State Spartans
89%
Michigan Wolverines
89%
Nebraska Cornhuskers
88%
Boston College | Eastern Michigan | Georgia Southern Eagles
88%
Jacksonville State | South Carolina Gamecocks
88%
Oklahoma Sooners
88%
North Carolina Tar Heels
88%
Tennessee Volunteers
88%
Purdue Boilermakers
87%
Ball State | Louisville Cardinals
87%
Oklahoma State | Wyoming Cowboys
87%
Iowa Hawkeyes
87%
Indiana Hoosiers
87%
FIU | Georgia State | Pittsburgh Panthers
87%
New Mexico State | Texas A&M | Utah State Aggies
86%
Wisconsin Badgers
86%
BYU | Houston | Washington State Cougars
86%
Arkansas Razorbacks
86%
UCLA Bruins
85%
Notre Dame Fighting Irish
85%
Kansas Jayhawks
85%
SMU Mustangs
85%
East Carolina Pirates
85%
Ole Miss | UNLV Rebels
85%
NC State Wolfpack
85%
Nevada Wolf Pack
85%
Sam Houston Bearkats
84%
Tulane Green Wave
84%
TCU Horned Frogs
84%
Penn State Nittany Lions
84%
Arizona State Sun Devils
84%
Cincinnati Bearcats
83%
Buffalo | South Florida Bulls
83%
UCF Knights
83%
Texas Tech Red Raiders
83%
Georgia Tech Yellow Jackets
83%
Iowa State Cyclones
82%
Appalachian State | West Virginia Mountaineers
82%
Oregon State Beavers
81%
Virginia Cavaliers
80%
Illinois Fighting Illini
80%
California Golden Bears
80%
Virginia Tech Hokies
80%
Minnesota Golden Gophers
79%
Utah Utes
79%
Boise State | Western Michigan Broncos
78%
Colorado Buffaloes
78%
Navy Midshipmen
78%
Maryland Terrapins
78%
Wake Forest Demon Deacons
77%
Vanderbilt Commodores
76%
Colorado State Rams
74%
Ohio | Texas State Bobcats
73%
Rutgers Scarlet Knights
73%
Hawaii Rainbow Warriors
72%
UTSA Roadrunners
72%
San Diego State Aztecs
71%
Army Black Knights
71%
UTEP Miners
71%
Akron Zips
71%
Air Force | Bowling Green Falcons
67%
North Texas Mean Green
66%
Charlotte 49ers
65%
UMass Minutemen
65%
Toledo Rockets
64%
New Mexico Lobos
63%
Liberty Flames
61%
UAB Blazers
56%
Western Kentucky Hilltoppers
56%
Delaware Blue Hens
54%
Kent State Golden Flashes
51%
Miami (OH) RedHawks
51%
Coastal Carolina Chanticleers
50%
James Madison Dukes
50%
Louisiana Ragin' Cajuns
50%
Southern Miss Golden Eagles
49%
Marshall Thundering Herd
49%
Central Michigan Chippewas
47%
South Alabama Jaguars
46%
Tulsa Golden Hurricane
44%
Arkansas State Red Wolves
43%
Middle Tennessee Blue Raiders
38%
Old Dominion Monarchs
36%
Louisiana-Monroe Warhawks
27%
No matching quizzes found
Score Distribution
Percent of People with Each Score
Percentile by Number Answered
Your Score History
You have not taken this quiz since the last reset